Dylan O'Brien Filmography - Statistics

General Stats
  • This quiz has been taken 346 times
    71 since last reset
  • The average score is 13 of 37
Answer Stats
Type Year Name % Correct
Film 2014 The Maze Runner
97%
TV Show 2011-2017 Teen Wolf
89%
Film 2018 Maze Runner: The Death Cure
74%
Film 2015 Maze Runner: The Scorch Trials
68%
Film 2020 Love and Monsters
61%
Film 2012 The First Time
61%
Film 2017 American Assassin
53%
Film 2022 Not Okay
50%
Film 2026 Send Help
45%
Film 2022 The Outfit
39%
Film 2020 Flashback
37%
Film 2025 Twinless
37%
Web Series 2019 Weird City
37%
Film 2018 Bumblebee
34%
Film 2024 Caddo Lake
34%
Film 2016 Deepwater Horizon
34%
Short Film 2011 Charlie Brown: Blockhead's Revenge
32%
Film 2011 High Road
32%
Short Film 2021 All Too Well: The Short Film
29%
Film 2024 Saturday Night
29%
Web Series 2020 Amazing Stories
26%
Film TBA Anniversary
26%
Film 2020 Infinite
26%
Film 2021 Infinite
26%
Film 2024 Ponyboi
26%
Film 2013 The Internship
26%
TV Show 2013 New Girl
21%
Film 2023 Maximum Truth
18%
Film TBA Being Heumann
16%
TV Show 2010 Sweety High
16%
TV Show 2021 Curb Your Enthusiasm
11%
TV Show 2024 Fantasmas
11%
Web Series 2013 First Dates with Toby Harris
11%
Short Film 2011 Teen Wolf: Search for a Cure
11%
Web Series 2023 The Other Two
11%
Film TBA Marceau
5%
Short Film 2011 Sacks West
5%
No matching quizzes found
Score Distribution
Percent of People with Each Score
Percentile by Number Answered
Your Score History
You have not taken this quiz since the last reset